<?xml version="1.0" encoding="UTF-8"?>
<record
    xmlns:xsi="http://www.w3.org/2001/XMLSchema-instance"
    xsi:schemaLocation="http://www.loc.gov/MARC21/slim http://www.loc.gov/standards/marcxml/schema/MARC21slim.xsd"
    xmlns="http://www.loc.gov/MARC21/slim">

  <leader>00865nam a22001817a 4500</leader>
  <controlfield tag="003">IT-RoPau</controlfield>
  <controlfield tag="005">20220918175939.0</controlfield>
  <controlfield tag="008">130128b        xxu||||| |||| 00| 0 eng d</controlfield>
  <datafield tag="040" ind1=" " ind2=" ">
    <subfield code="c">IT-RoPau</subfield>
  </datafield>
  <datafield tag="100" ind1=" " ind2=" ">
    <subfield code="a">Merlo , Tecla</subfield>
    <subfield code="9">269</subfield>
  </datafield>
  <datafield tag="245" ind1=" " ind2=" ">
    <subfield code="a">Un cuor solo un'anima sola</subfield>
    <subfield code="b">Conferenze - meditazioni 1954-1963</subfield>
  </datafield>
  <datafield tag="250" ind1=" " ind2=" ">
    <subfield code="a">I</subfield>
  </datafield>
  <datafield tag="260" ind1=" " ind2=" ">
    <subfield code="a">Roma</subfield>
    <subfield code="b">FSP</subfield>
    <subfield code="c">1993</subfield>
  </datafield>
  <datafield tag="300" ind1=" " ind2=" ">
    <subfield code="a">756 p.</subfield>
    <subfield code="c">21 cm</subfield>
  </datafield>
  <datafield tag="490" ind1=" " ind2=" ">
    <subfield code="a">Edizioni paoline</subfield>
    <subfield code="v">I</subfield>
  </datafield>
  <datafield tag="520" ind1=" " ind2=" ">
    <subfield code="a">Indice Generale

Presentazione

Introduzione
Chi &#xE8; Maestra tecla
Magistero di Maestra Tecla
Iter della presente pubblicazione
Contenuti

Criteri seguiti per la pubblicazione
Segni diacritici - sigle

Testi

Manoscritto

Quadro delle fonti

Indici

Indice analitico
Indice delle citazioni bibliche
Indice delle citazioni delle Costituzioni
Indice dei nomi di persona
indice dei nomi di luogo
Indice generale



</subfield>
  </datafield>
  <datafield tag="942" ind1=" " ind2=" ">
    <subfield code="2">ddc</subfield>
    <subfield code="c">BK</subfield>
  </datafield>
  <datafield tag="999" ind1=" " ind2=" ">
    <subfield code="c">37854</subfield>
    <subfield code="d">37854</subfield>
  </datafield>
  <datafield tag="952" ind1=" " ind2=" ">
    <subfield code="0">0</subfield>
    <subfield code="1">0</subfield>
    <subfield code="2">ddc</subfield>
    <subfield code="4">0</subfield>
    <subfield code="6">P_B4</subfield>
    <subfield code="7">1</subfield>
    <subfield code="a">PAULUS</subfield>
    <subfield code="b">PAULUS</subfield>
    <subfield code="d">2013-01-28</subfield>
    <subfield code="l">0</subfield>
    <subfield code="o">P B4</subfield>
    <subfield code="r">2013-01-28 00:00:00</subfield>
    <subfield code="w">2013-01-28</subfield>
    <subfield code="y">BK</subfield>
  </datafield>
  <datafield tag="952" ind1=" " ind2=" ">
    <subfield code="0">0</subfield>
    <subfield code="1">0</subfield>
    <subfield code="2">ddc</subfield>
    <subfield code="4">0</subfield>
    <subfield code="6">P_B4</subfield>
    <subfield code="7">1</subfield>
    <subfield code="a">PAULUS</subfield>
    <subfield code="b">PAULUS</subfield>
    <subfield code="d">2013-01-28</subfield>
    <subfield code="l">0</subfield>
    <subfield code="o">P B4</subfield>
    <subfield code="r">2013-01-28 00:00:00</subfield>
    <subfield code="w">2013-01-28</subfield>
    <subfield code="y">BK</subfield>
  </datafield>
  <datafield tag="952" ind1=" " ind2=" ">
    <subfield code="0">0</subfield>
    <subfield code="1">0</subfield>
    <subfield code="2">ddc</subfield>
    <subfield code="4">0</subfield>
    <subfield code="6">P_B4</subfield>
    <subfield code="7">1</subfield>
    <subfield code="a">PAULUS</subfield>
    <subfield code="b">PAULUS</subfield>
    <subfield code="d">2013-01-28</subfield>
    <subfield code="l">0</subfield>
    <subfield code="o">P B4</subfield>
    <subfield code="r">2013-01-28 00:00:00</subfield>
    <subfield code="w">2013-01-28</subfield>
    <subfield code="y">BK</subfield>
  </datafield>
  <datafield tag="952" ind1=" " ind2=" ">
    <subfield code="0">0</subfield>
    <subfield code="1">0</subfield>
    <subfield code="2">ddc</subfield>
    <subfield code="4">0</subfield>
    <subfield code="6">P_B4</subfield>
    <subfield code="7">1</subfield>
    <subfield code="a">PAULUS</subfield>
    <subfield code="b">PAULUS</subfield>
    <subfield code="d">2013-01-28</subfield>
    <subfield code="l">0</subfield>
    <subfield code="o">P B4</subfield>
    <subfield code="r">2013-01-28 00:00:00</subfield>
    <subfield code="w">2013-01-28</subfield>
    <subfield code="y">BK</subfield>
  </datafield>
</record>
